Statistics for AC Milan All-Time Greatest XI

Click here to take the quiz!

General Stats

  • This quiz has been taken 693 times
  • The average score is 7 of 11

Answer Stats

Position: Nationality: Years Active: Player: % Correct
DefenderItaly1985-2009Paolo Maldini
98%
MidfielderBrazil2003-2009Kak√°
90%
ForwardNetherlands1987-1995Marco van Basten
90%
DefenderItaly2002-2012Alessandro Nesta
84%
MidfielderNetherlands1987-1993Ruud Gullit
81%
DefenderItaly1977-1997Franco Baresi
78%
MidfielderNetherlands1988-1993Frank Rijkaard
62%
GoalkeeperItaly1990-2002Sebastiano Rossi
44%
ForwardSweden1949-1956Gunnar Nordahl
37%
MidfiederItaly1960-1979Gianni Rivera
31%
MidfielderSweden1949-1961Nils Liedholm
25%

Score Distribution

Percentile by Number Answered

Percent of People with Each Score

Your Score History

You have not taken this quiz